000 00239nam a2200097Ia 4500
008 241105s9999 xx 000 0 und d
041 _aeng
100 _aWagh Ankita
245 _aPublic Realm On Riverfront Pune
260 _bBNCA, Pune
_c2017
999 _c361346
_d361346